Higher engineering mathematics / (Record no. 463)

MARC details
000 -LEADER
fixed length control field 00717cam a2200265 i 4500
001 - CONTROL NUMBER
control field 19247512
003 - CONTROL NUMBER IDENTIFIER
control field OSt
005 - DATE AND TIME OF LATEST TRANSACTION
control field 20250420134811.0
008 - FIXED-LENGTH DATA ELEMENTS--GENERAL INFORMATION
fixed length control field 160825s2017 enk 000 0 eng
010 ## - LIBRARY OF CONGRESS CONTROL NUMBER
LC control number 2016038671
020 ## - INTERNATIONAL STANDARD BOOK NUMBER
International Standard Book Number 9781138673571
040 ## - CATALOGING SOURCE
Original cataloging agency DLC
Language of cataloging eng
Transcribing agency KCST
042 ## - AUTHENTICATION CODE
Authentication code pcc
050 00 - LIBRARY OF CONGRESS CALL NUMBER
Classification number TA330
Item number .B52 2017
082 00 - DEWEY DECIMAL CLASSIFICATION NUMBER
Classification number 620.00151
Edition information 23
Item number Bi Hi
100 1# - MAIN ENTRY--PERSONAL NAME
Personal name Bird, J. O.,
Relator term author.
9 (RLIN) 4599
245 10 - TITLE STATEMENT
Title Higher engineering mathematics /
Statement of responsibility, etc. John Bird.
250 ## - EDITION STATEMENT
Edition statement Eighth edition.
260 ## - PUBLICATION, DISTRIBUTION, ETC.
Place of publication, distribution, etc. New York :
Name of publisher, distributor, etc. Routledge, Taylor & Francis Group,
Date of publication, distribution, etc. 2017.
300 ## - PHYSICAL DESCRIPTION
Extent xviii, 905 pages ;
Dimensions 28 cm
500 ## - GENERAL NOTE
General note Includes index.
650 #0 - SUBJECT ADDED ENTRY--TOPICAL TERM
Topical term or geographic name entry element Engineering mathematics.
9 (RLIN) 4600
942 ## - ADDED ENTRY ELEMENTS (KOHA)
Koha item type Book
942 ## - ADDED ENTRY ELEMENTS (KOHA)
Source of classification or shelving scheme Dewey Decimal Classification
Holdings
Withdrawn status Lost status Source of classification or shelving scheme Damaged status Not for loan Home library Current library Date acquired Cost, normal purchase price Total checkouts Full call number Barcode Date last seen Price effective from Koha item type
    Dewey Decimal Classification     KCST Library KCST Library 02/07/2020 11.67   620.00151 Bi Hi 1000000587 02/07/2020 02/07/2020 Book
© 2025 KCST. All rights reserved